Biogeography : (Record no. 12122)
[ view plain ]
| 000 -LEADER | |
|---|---|
| fixed length control field | 00455nam a2200169Ia 4500 |
| 020 ## - INTERNATIONAL STANDARD BOOK NUMBER | |
| ISBN | 063201332X |
| 040 ## - CATALOGING SOURCE | |
| Transcribing agency | EUN |
| 082 ## - DEWEY DECIMAL CLASSIFICATION NUMBER | |
| Classification number | 578 BLA 1985 A032 Or. |
| 100 1# - MAIN ENTRY--AUTHOR NAME | |
| Personal name | Cox, C. Barry |
| 245 10 - TITLE STATEMENT | |
| Title | Biogeography : |
| Remainder of title | an ecological and evolutionary approach / |
| 250 ## - EDITION STATEMENT | |
| Edition statement | 4th ed |
| 260 ## - PUBLICATION, DISTRIBUTION, ETC. (IMPRINT) | |
| Place of publication | Oxford ; |
| -- | London : |
| Name of publisher | Blackwell Scientific, |
| Year of publication | 1985 |
| 300 ## - PHYSICAL DESCRIPTION | |
| Number of Pages | vii, 244 p. : |
| Other physical details | ill. ; |
| Dimensions | 24 cm |
| 650 #0 - SUBJECT ADDED ENTRY--TOPICAL TERM | |
| Topical Term | Biogeography |
| 700 10 - ADDED ENTRY--PERSONAL NAME | |
| Personal name | Moore, Peter D |
| 942 ## - ADDED ENTRY ELEMENTS (KOHA) | |
| Koha item type | សៀវភៅភាសាអង់គ្លេស |
| 952 ## - LOCATION AND ITEM INFORMATION (KOHA) | |
| Withdrawn status [LOCAL, KOHA] | 0 |
| Permanent Location | Date acquired | Koha item type | Lost status | Shelving location | Barcode | Current Location | Full call number |
|---|---|---|---|---|---|---|---|
| Library Block A | 2017-08-10 | សៀវភៅភាសាអង់គ្លេស | A032 | A08518 | Library Block A | 578 BLA 1985 A032 Or. |